Analysis of pesticides residues in fruits and vegetables using gas chromatography : mass spectrometry /
محفوظ في:
| المؤلف الرئيسي: | |
|---|---|
| التنسيق: | أطروحة كتاب |
| اللغة: | English |
| منشور في: |
2000.
|
| الوسوم: |
إضافة وسم
لا توجد وسوم, كن أول من يضع وسما على هذه التسجيلة!
|
| LEADER | 00796cam a2200217 a 4500 | ||
|---|---|---|---|
| 001 | u484513 | ||
| 003 | SIRSI | ||
| 008 | 911205s2000 my at 00 1 eng m | ||
| 035 | |a ACP-8922 | ||
| 040 | |a UMM | ||
| 090 | |a QD3 |b UM 2000 Sim | ||
| 100 | 1 | 0 | |a Sim, Ley Yee. |
| 245 | 1 | 0 | |a Analysis of pesticides residues in fruits and vegetables using gas chromatography : |b mass spectrometry / |c Sim Ley Yee. |
| 260 | |c 2000. | ||
| 300 | |a xi, 160 leaves : |b ill. ; |c 29 cm. | ||
| 502 | |a Dissertation (M.Sc.) -- Jabatan Kimia, Fakulti Sains, Universiti Malaya, 2000. | ||
| 504 | |a Bibliography:leaves 98-106 | ||
| 710 | 2 | 0 | |a Universiti Malaya. |b Jabatan Kimia. |
| 948 | |a 29/06/2001 |b 11/06/2002 | ||
| 596 | |a 1 | ||
| 999 | |a QD3 UM 2000 SIM |w LC |c 1 |i A510355609 |d 13/5/2016 |e 13/5/2016 |l STACKS |m P01UTAMA |n 7 |r Y |s Y |t TESIS |u 10/10/2001 | ||
